000 00298 a2200133 4500
000 nam a22 7a 4500
100 _aANIL KUMAR YADAV
110 _aANIL KUMAR YADAV
245 _aMANAV SANCHAR
250 _alatest edition
260 _bkalpna
_c2017
264 _bkalpna
_c2017
942 _cBK
999 _c397272
_d397272